Sanat - "Mon Cheri" - Pilvi Hämäläinen - Statistics

Yleistilastot
  • Tätä visaa on pelattu 38 kertaa
  • Keskiarvotulos 95 / 135
Vastaustilastot
Vastaus % Oikein
cheri
100%
mon
100%
92%
on
92%
se
92%
sinulle
88%
taivaan
88%
kuin
81%
näytän
81%
rasiani
81%
soiva
81%
sellaisena
77%
oo
73%
Cicciolina
65%
en
65%
Kun
65%
kun
65%
meen
62%
biitti
58%
mut
58%
pam
58%
ram
58%
sydän
58%
eikä
54%
ja
54%
mun
54%
tres
50%
aikaan
46%
saan
46%
venus
46%
jotain
42%
kirkas
42%
loistaa
42%
yhtään
42%
nuolee
38%
taikaa
38%
body
35%
kuuma
35%
language
35%
valot
35%
kaikki
31%
upee
31%
alkaa
27%
voi
27%
magique
12%
Ehtoja vastaavia visoja ei löytynyt
Tulosjakauma
Jokaisen tuloksen saaneiden osuus
Persentiili vastausten määrän mukaan
Tuloshistoriasi
Et ole pelannut tätä visaa